| 000 | 00358nam a22001457a 4500 | ||
|---|---|---|---|
| 020 | _a978-81-226-0761-1 | ||
| 082 |
_a920 _bHAN/P |
||
| 100 | _aHAN, NATH, THICH | ||
| 245 |
_aPAZHAYA PATHA VELUTHA MEGHANGAL _bGOUTHAMA BUDHANTE JEEVITHA KATHA |
||
| 260 |
_aTHRISSUR _bCURRENT BOOKS _c2009 |
||
| 300 | _a110 | ||
| 520 | _aNOVEL | ||
| 650 | _aNOVEL | ||
| 942 | _cBK | ||
| 999 |
_c5373 _d5373 |
||